Egypt & Nubia : from drawings made on the spot /

محفوظ في:

المؤلف الرئيسي: Roberts, David, 1796-1864. (مؤلف)

مؤلفون آخرون: Brockedon, William, 1787-1854.

التنسيق: كتاب

اللغة: English

منشور في: Cairo, Egypt : American University in Cairo Press, 1999.

الموضوعات:

الوسوم: إضافة وسم

لا توجد وسوم, كن أول من يضع وسما على هذه التسجيلة!

رقم الطلب: DT53 .R62 1999

LEADER 00977namaa2200289 4500
001 18928
003 OSt
005 20250515120526.0
008 130303s1999 ua a 000 0 eng d
010 |a 40000423 
020 |a 9774245504 
040 |c ARCE Library 
043 |a f-ua---  |a f-sj--- 
050 4 |a DT53 .R62 1999 
100 1 |a Roberts, David,  |d 1796-1864.  |e author  |9 27328 
245 1 0 |a Egypt & Nubia :   |b from drawings made on the spot /   |c by David Roberts ; with historical descriptions by William Brockeldon. 
264 1 |a Cairo, Egypt :   |b American University in Cairo Press,   |c 1999. 
300 |a 288 pages :   |b color illustrations ;   |c 28 cm. 
651 0 |a Egypt  |x Description and travel. 
651 0 |a Nubia  |x Description and travel. 
651 0 |a Egypt  |v Pictorial works. 
651 0 |a Nubia  |v Pictorial works. 
700 1 |a Brockedon, William,  |d 1787-1854. 
740 0 |a Roberts's Sketches in Egypt & Nubia. 
901 |a reviewed 
942 |c BK  |2 lcc 
999 |c 15981  |d 15981